| 000 -LEADER |
| fixed length control field |
01561cam a22003852 4500 |
| 001 - CONTROL NUMBER |
| control field |
468126 |
| 003 - CONTROL NUMBER IDENTIFIER |
| control field |
OSt |
| 005 - DATE AND TIME OF LATEST TRANSACTION |
| control field |
20191217142509.0 |
| 008 - FIXED-LENGTH DATA ELEMENTS--GENERAL INFORMATION |
| fixed length control field |
070801s2006 nyua c c 000 1 eng |
| 010 ## - LIBRARY OF CONGRESS CONTROL NUMBER |
| LC control number |
2006004348 |
| 020 ## - INTERNATIONAL STANDARD BOOK NUMBER |
| International Standard Book Number |
9781526606617 |
| 040 ## - CATALOGING SOURCE |
| Original cataloging agency |
DLC |
| Transcribing agency |
DLC |
| Modifying agency |
DLC |
| -- |
TAE |
| 082 ## - DEWEY DECIMAL CLASSIFICATION NUMBER |
| Classification number |
FIC REE |
| 100 1# - MAIN ENTRY--PERSONAL NAME |
| Personal name |
Reeve, Philip, |
| Dates associated with a name |
1966- |
| Relator term |
author |
| 245 10 - TITLE STATEMENT |
| Title |
Larklight, or, The revenge of the white spiders!, or, To Saturn's rings and back! : |
| Remainder of title |
a rousing tale of dauntless pluck in the farthest reaches of space / |
| Statement of responsibility, etc. |
as chronicl'd by Art Mumby, with the aid of Philip Reeve ; and decorated throughout by David Wyatt. |
| 246 30 - VARYING FORM OF TITLE |
| Title proper/short title |
Larklight. |
| 246 30 - VARYING FORM OF TITLE |
| Title proper/short title |
Revenge of the white spiders! |
| 246 30 - VARYING FORM OF TITLE |
| Title proper/short title |
To Saturn's rings and back! |
| 260 ## - PUBLICATION, DISTRIBUTION, ETC. |
| Place of publication, distribution, etc. |
London: |
| Name of publisher, distributor, etc. |
Bloomsbury, |
| Date of publication, distribution, etc. |
2019. |
| 300 ## - PHYSICAL DESCRIPTION |
| Extent |
399 p. : |
| Other physical details |
ill. ; |
| Dimensions |
20 cm. |
| 520 ## - SUMMARY, ETC. |
| Summary, etc. |
In an alternate Victorian England, young Arthur and his sister Myrtle, residents of Larklight, a floating house in one of Her Majesty's outer space territories, uncover a spidery plot to destroy the solar system. |
| 521 ## - TARGET AUDIENCE NOTE |
| Target audience note |
9-12. |
| 586 8# - AWARDS NOTE |
| Awards note |
A Junior Library Guild selection. |
| 586 ## - AWARDS NOTE |
| Awards note |
Notable Children's Books, 2007. |
| 650 #1 - SUBJECT ADDED ENTRY--TOPICAL TERM |
| Topical term or geographic name entry element |
Science fiction. |
| 650 #0 - SUBJECT ADDED ENTRY--TOPICAL TERM |
| Topical term or geographic name entry element |
Brothers and sisters |
| Form subdivision |
Juvenile fiction. |
| 650 #0 - SUBJECT ADDED ENTRY--TOPICAL TERM |
| Topical term or geographic name entry element |
Science fiction. |
| 650 #1 - SUBJECT ADDED ENTRY--TOPICAL TERM |
| Topical term or geographic name entry element |
Brothers and sisters |
| Form subdivision |
Fiction. |
| 651 #1 - SUBJECT ADDED ENTRY--GEOGRAPHIC NAME |
| Geographic name |
Solar system |
| Form subdivision |
Fiction. |
| 651 #0 - SUBJECT ADDED ENTRY--GEOGRAPHIC NAME |
| Geographic name |
Outer space |
| Form subdivision |
Juvenile fiction. |
| 651 #0 - SUBJECT ADDED ENTRY--GEOGRAPHIC NAME |
| Geographic name |
Solar system |
| Form subdivision |
Juvenile fiction. |
| 651 #1 - SUBJECT ADDED ENTRY--GEOGRAPHIC NAME |
| Geographic name |
Outer space |
| Form subdivision |
Fiction. |
| 700 1# - ADDED ENTRY--PERSONAL NAME |
| Personal name |
Wyatt, David, |
| Relator term |
illustrator |
| 942 ## - ADDED ENTRY ELEMENTS (KOHA) |
| Source of classification or shelving scheme |
|
| Koha item type |
Books - Fiction |